000 003470000a22001090004500
090 _aAS
_bSeriadas
245 1 0 _aSelva del noroccidente ecuatoriano
041 0 _aEspaƱol
100 1 _aAcosta Solis, Misael
_922851
942 _cARTICULO
773 1 _tRevista de la Academia Colombiana de Ciencias Exactas, Fisicas y Naturales
_332
_h52
_q499-533
_d1970
_g13
999 _c14000
_d14000